000
00297nam a2200121Ia 4500
005
20251222140025.0
008
251222s1900||||xx |||||||||||||| ||spa||
082
_a
199/S18
100
_a
Augusto Salazar Bondy
245
0
_a
América Latina: Filosofía y liberación
264
_b
Bonum
942
_c
LIB
999
_c
2762
_d
2762